000 00708nam a2200241 i 4500
001 58778
003 ES-MaACL
005 20230906163902.0
007 t|
008 031024s1986 sp ||||1| spa d
020 _a84-309-1343-2
100 1 _aEccles, John C.
_946481
245 1 3 _aLa psique humana /
_cJohn C. Eccles ; traducción, Carmen García Trevijano ... [et al.].
260 _aMadrid :
_bTecnos,
_c[1968]
300 _a277 p. :
_bil. ;
_c22 cm.
490 1 _aFilosofía y ensayo
500 _aIndice.
504 _aBibliografía.
700 1 _aGarcía Trevijano, Carmen.
_955342
830 0 _aFilosofía y ensayo
_9179242
852 _aES-MaACL
_jL-11907
_bR.114065
999 _c58778
_d58778